Представление документа в формате MARC21

Поле Инд. ПП Название Значение
Тип записи a
Библиографический уровень m
001 Контрольный номер RU/IS/BASE/334080740
005 Дата корректировки 20220708111030.4
040 b Код языка каталог. rus
041 0_ a Код языка текста rus
080 a Индекс УДК 004.42
084 a Индекс другой классификации/Индекс ББК 32.973.202-018.2
090 a Полочн. индекс 681.3
x Авторский знак М45
c Каталожный индекс 681.3.06
097 b Оператор 11
100 1_ a Автор Мейер Б.
245 10 a Заглавие Методы программирования
b Продолж. заглавия в 2 т.
c Ответственность пер. с фр. Ю. А. Первина ; под ред. А. П. Ершова
n Номер части/ раздела Т. 2
260 a Место издания М.
b Издательство Мир
c Дата издания 1982
300 a Объем 368 с.
b Иллюстрации/ тип воспроизводства ил.
510 a Примечание о ссылках Книги и методические пособия
650 a Основная рубрика 50.05 Теоретические основы программирования
x Основная подрубрика 50.05.13 Технология программирования. Автоматизация программирования
653 a Ключевые слова программирование; цифровые вычислительные машины
700 1_ a Другие авторы Бодэун К.
901 t Тип документа m